000
00352 a2200169 4500
001
182735
020
_a
85-322-4992-2
040
_c
Magnum
100
_a
Cervantes, Miguel de
240
1
0
_a
Dom quixote
_l
por
245
1
0
_a
Dom quixote
300
_a
144
362
0
_a
2002
440
1
_a
FTD
697
_a
LITERATURA GERAL ESTRANGEIRA
942
_c
BK
999
_c
182735
_d
182735